| 000 | 00475nam a2200181Ia 4500 | ||
|---|---|---|---|
| 001 | 44789 | ||
| 008 | 140428s9999 xx 000 0 und d | ||
| 020 | _aNA | ||
| 040 | _cPK-LaUMT | ||
| 082 |
_aRHC 891.4393 _bTAS-R |
||
| 100 | _aTasneem Saleem Chatari | ||
| 245 |
_aRaqas-e-sharar kay baad (Urdu) _cTasneem Saleem Chatari |
||
| 260 |
_aLahore,Pakistan: _bMaktabah Jamal, _c1951 |
||
| 300 | _a273 p. | ||
| 546 | _aUR | ||
| 650 | _aPakistani literature-Urdu | ||
| 942 | _cBK | ||
| 999 |
_c42768 _d42768 |
||